| Registos Bibliográficos associados ao registo de autoridade |
|
Etiqueta de registo: 00254nam 2200025 450 001 2281708 003 http://id.bnportugal.gov.pt/bib/catbnp/2281708 100 ## $a20260319d2026 k y0pory01030103ba 101 0# $apor$deng 102 ## $aPT 105 ## $aa m 000yy 106 ## $ar 200 1# $aCriações de bebés em linguagem de dança - um estudo cartográfico$fJuliana Costa Ribeiro$gorient. Jorge Manuel Nunes Ramos do Ó, Tiago Alexandre Fernandes Almeida 210 #9 $aLisboa$c[s.n.],$d2026 215 ## $a243 p.$cil.$d30 cm 328 #1 $aTese dout. Educação Artística, Faculdade de Belas Artes da Universidade de Lisboa,
Faculdade de Belas Artes da Universidade do Porto, 2026 675 ## $a793.3-053.3(81)(043)$vBN$zpor$31994942 700 #1 $aRibeiro,$bJuliana Costa$31992447 702 #1 $aÓ,$bJorge Ramos do,$f1962-$4727$350035 702 #1 $92$aAlmeida,$bTiago$4727$31433480 801 #0 $aPT$bBN$gRPC 966 ## $lBN$mFGMON$sB.A. 53648 V.$x1 971 ## $cabrito$d20260319 973 ## $csteixeira$d20260407
|
|
|